000 00640nam a2200181Ia 4500
005 20250423100320.0
008 250422s9999 xx 000 0 und d
020 _a9780194713825
050 _aPE 1128 .L59/
100 _aJohn Soar, Liz
245 0 _aNew headway plus: beginner workbook without key
260 _aNew york
260 _bOxford university press
260 _c2010
300 _a93 p
650 _a English language--Textbooks for foreign speakers. English language--United States--Problems, exercises, etc. English language--Grammar--Problems, exercises, etc. Vocabulary--Problems, exercises, etc.
942 _cBK
999 _c32930
_d32930